| 000 | 00487nam a2200169Ia 4500 | ||
|---|---|---|---|
| 003 | LDD | ||
| 008 | 190117s9999 xx 000 0 und d | ||
| 020 | _c₹40 | ||
| 040 | _cLDD | ||
| 041 | _ahi | ||
| 082 | _a8H0.9 प्रे5926सृ | ||
| 100 | _aप्रेमशंकर | ||
| 245 | 0 |
_aसृजन और समीक्षा _cप्रेमशंकर |
|
| 260 |
_aनई दिल्ली _bप्रकाशन _c1987 |
||
| 300 | _a100प्र. | ||
| 942 |
_2ddc _cH |
||
| 999 |
_c164287 _d164287 |
||